Nāṉ nijamum alla...! Nīkaṉavum alla...! / (Record no. 186677)

MARC details
000 -LEADER
fixed length control field 01148nam a2200289 n 4500
003 - CONTROL NUMBER IDENTIFIER
control field OSt
005 - DATE AND TIME OF LATEST TRANSACTION
control field 20211227155543.0
008 - FIXED-LENGTH DATA ELEMENTS--GENERAL INFORMATION
fixed length control field 211227s2020 ii e 000 f tam d
020 ## - INTERNATIONAL STANDARD BOOK NUMBER
Terms of availability RM70.00
Qualifying information paperback
040 ## - CATALOGING SOURCE
Original cataloging agency PPAK
Language of cataloging eng
Transcribing agency PPAK
Description conventions rda
082 04 - DEWEY DECIMAL CLASSIFICATION NUMBER
Edition number 23
Classification number 894.8113
090 00 - LOCALLY ASSIGNED LC-TYPE CALL NUMBER (OCLC); LOCAL CALL NUMBER (RLIN)
Classification number (OCLC) (R) ; Classification number, CALL (RLIN) (NR) 894.8113
Feature heading NIL
Feature heading G
100 1# - MAIN ENTRY--PERSONAL NAME
Linkage 880-01
Personal name Nīlakaṇṭaṉ, Iṣāṉā,
Relator term author.
242 ## - TRANSLATION OF TITLE BY CATALOGING AGENCY
Title Saya bukan nyata...! dan kau bukan mimpi...!
Language code of translated title may
245 10 - TITLE STATEMENT
Linkage 880-02
Title Nāṉ nijamum alla...! Nīkaṉavum alla...! /
Statement of responsibility, etc. Iṣāṉā Nīlakaṇṭaṉ
264 #1 - PRODUCTION, PUBLICATION, DISTRIBUTION, MANUFACTURE, AND COPYRIGHT NOTICE
Place of production, publication, distribution, manufacture Chennai, India :
Name of producer, publisher, distributor, manufacturer Arivu Nilaiyam Patippakam,
Date of production, publication, distribution, manufacture, or copyright notice 2020
300 ## - PHYSICAL DESCRIPTION
Extent 332 pages ;
Dimensions 18 cm.
336 ## - CONTENT TYPE
Source rdacontent
Content type term text
337 ## - MEDIA TYPE
Source rdamedia
Media type term unmediated
338 ## - CARRIER TYPE
Source rdacarrier
Carrier type term volume
650 10 - SUBJECT ADDED ENTRY--TOPICAL TERM
Topical term or geographic name entry element Tamil fiction
Topical term or geographic name entry element Man-woman relationships
Form subdivision Fiction
Topical term or geographic name entry element Man-woman relationships
880 1# - ALTERNATE GRAPHIC REPRESENTATION
Linkage 100-01
a நீலகண்டன், இஷானா,
e நூலாசிரியர்.
Linkage 245-02
a நான் நிஜமும் அல்ல...! நீகனவும் அல்ல...!
c இஷானா நீலகண்டன்
942 ## - ADDED ENTRY ELEMENTS (KOHA)
Source of classification or shelving scheme Dewey Decimal Classification
Koha item type Book
Holdings
Withdrawn Not for loan Current library Shelving location Date acquired Total Checkouts Full call number Barcode Date last seen Date last checked out Koha item type
    Perpustakaan Alor Setar Pinjaman Dewasa 08/02/2022 1 894.8113 NIL A01720891 18/11/2023 22/10/2023 Book
    Perpustakaan Awam Sungai Petani Pinjaman Dewasa 08/02/2022 6 894.8113 NIL A01720892 11/03/2024 19/02/2024 Book